000 00302nam a2200121Ia 4500
003 GCL
008 140319s9999 xx 000 0 eng d
040 _aGCL /
_cGCL
082 0 4 _a631.41
_bT P
245 1 0 _aPrinciples of sail chemistry
260 _a[S.N] :
_bMacmillan Publishing Company
300 _a362 P
999 _c16874
_d16874